知的戦略の時代 : 企業をリードする頭脳集団

Tallennettuna:
Bibliografiset tiedot
Päätekijä: 北尾誠英(きたお ますみ)
Aineistotyyppi: Kirja
Kieli:Undetermined
Julkaistu: 東京 ソーテック社 1981
Aiheet:
Tagit: Lisää tagi
Ei tageja, Lisää ensimmäinen tagi!
Thư viện lưu trữ: Trung tâm Học liệu Trường Đại học Cần Thơ
LEADER 00605nam a2200205Ia 4500
001 CTU_94390
008 210402s9999 xx 000 0 und d
082 |a 658.02 
082 |b K62 
100 |a 北尾誠英(きたお ますみ) 
245 0 |a 知的戦略の時代 : 
245 0 |b 企業をリードする頭脳集団 
245 0 |c 北尾誠英,西順一郎 
260 |a 東京 
260 |b ソーテック社 
260 |c 1981 
650 |a Business Enterprises,Business management 
650 |x Management 
904 |i Ngoc 
980 |a Trung tâm Học liệu Trường Đại học Cần Thơ